Loading...
| Science - Biology | 0 | 3 | 1 | 0 | 25 | 48 | 81.67 | 0 | 2 | 9.58 | 19.44 |
| Religion | 0 | 1 | 0 | 1 | 10 | 123 | 123.00 | 0 | 0 | 0.18 | 1.39 |
| History - World | 0 | 1 | 0 | 0 | 10 | 108 | 108.00 | 0 | 0 | 0.94 | 2.78 |
| Science - Other | 0 | 1 | 0 | 1 | 10 | 108 | 108.00 | 0 | 0 | 0.86 | 3.13 |
| Geography | 0 | 1 | 0 | 1 | 10 | 123 | 123.00 | 0 | 0 | 0.20 | 6.25 |
| Literature - World | 0 | 1 | 0 | 0 | 10 | 122 | 122.00 | 0 | 1 | 2.37 | 8.33 |
| Mathematics | 0 | 1 | 0 | 1 | 10 | 121 | 121.00 | 0 | 1 | 1.63 | 37.50 |
| Philosophy | 0 | 2 | 2 | 1 | 10 | 123 | 123.50 | 0 | 0 | 0.92 | 5.56 |
| History - Ancient/Other | 0 | 1 | 0 | 0 | 10 | 92 | 92.00 | 1 | 1 | 4.48 | 12.50 |
| Social Science | 0 | 1 | 1 | 0 | 5 | 89 | 89.00 | 0 | 1 | 2.87 | 8.33 |
| Literature - European | 0 | 1 | 1 | 1 | 5 | 156 | 156.00 | 0 | 1 | 0.14 | 8.33 |
| Mythology | 0 | 1 | 1 | 0 | 5 | 86 | 86.00 | 0 | 0 | 3.65 | 2.78 |
| Fine Arts - Other | 0 | 1 | 1 | 0 | 5 | 107 | 107.00 | 0 | 0 | 1.82 | 5.56 |
| Literature - British | 0 | 0 | 0 | 0 | 0 | 0.00 | 0 | 0 | 0.00 | 0.00 | |
| Science - Physics | 0 | 0 | 1 | 0 | -5 | 0.00 | 0 | 0 | 0.00 | 0.00 | |
| Science - Chemistry | 0 | 0 | 2 | 0 | -10 | 0.00 | 0 | 0 | 0.00 | 0.00 |